| 000 | 00690nam a2200253Ia 4500 | ||
|---|---|---|---|
| 003 | OSt | ||
| 005 | 20221006143915.0 | ||
| 006 | a|||||r|||| 00| 0 | ||
| 007 | ta | ||
| 008 | 221006b |||||||| |||| 00| 0 eng d | ||
| 024 | _a10,367 | ||
| 037 |
_bGift, _cTextual |
||
| 040 |
_aEASL _cEASL _beng |
||
| 041 |
_2eng _aeng |
||
| 082 | _aW.41.A, K51 | ||
| 100 |
_aBALAZS Etienne _9650611 |
||
| 245 | 0 | _aPolitical theory and administrative reality in traditional China | |
| 260 |
_aLondon _bUniversity of London _c1965 |
||
| 300 |
_a80p. _ccm. |
||
| 490 | _v CEL | ||
| 650 | _aCEL | ||
| 942 |
_hW.41.A, K51 _cTEXL _2CC |
||
| 999 |
_c1078453 _d1078453 |
||